000 00386nam a2200169Ia 4500
005 20240823011456.0
008 240823s9999||||xx |||||||||||||| ||und||
082 _A346.07 P2
100 _aGulshan S S
245 0 _aBusiness law
250 _a1st
260 _c2002
_bExcel.New Delhi
500 _aYES
650 _aManagement
_bManagement Studies
942 _cBK
999 _c161643
_d161643